Statistics for 10 Worst US States to Live in - 2018

Click here to take the quiz!

General Stats

  • This quiz has been taken 41 times
  • The average score is 8 of 10

Answer Stats

HintAnswer% Correct
46Alabama
95%
49Mississippi
95%
45Arkansas
89%
41Kentucky
89%
47West Virginia
82%
50thLouisiana
79%
43Oklahoma
71%
42South Carolina
71%
44Alaska
68%
48New Mexico
61%

Score Distribution

Percentile by Number Answered

Percent of People with Each Score

Your Score History

You have not taken this quiz